| 000 | 01085nam a22002537a 4500 | ||
|---|---|---|---|
| 005 | 20170124103130.0 | ||
| 010 | _aB-154405 | ||
| 020 |
_c100.00 _a8190240331 |
||
| 035 | _aB-154405 | ||
| 037 | _bCen Lib/Ret | ||
| 040 |
_aDPL _bHN |
||
| 082 |
_a827 _bगुप्ताम |
||
| 100 |
_aगुप्ता, मंजू _984003 |
||
| 245 |
_aबेनकाब सत्य / _c मंजू गुप्ता |
||
| 246 |
_aBenkab satya _bby Manju Gupta |
||
| 260 |
_aजयपुर _bरुद्राक्ष ट्रैडलिंक प्रकाशन _c2005 |
||
| 270 |
_aआर.15-ए , युधिष्ठर मार्ग सी -स्कीम _bजयपुर _e302017 |
||
| 300 |
_a86पृष्ठ. _c21सेमी(सजिल्द) |
||
| 650 |
_aहिंदी साहित्य _984004 |
||
| 650 |
_aव्यंग्य विधाएं - रचनाएँ _984005 |
||
| 650 |
_ahindi literature _984006 |
||
| 650 |
_aSatire Genres - Compositions _984007 |
||
| 942 |
_2ddc _cHN _h827 _mगुप्ताम |
||
| 999 |
_c119247 _d119247 |
||